|
|
|
|
| LEADER |
00000nam a22000007a 4500 |
| 003 |
Ucuenca |
| 005 |
20231116092108.0 |
| 008 |
181108b1959 fr ||||| |||| 00| 0 spa d |
| 040 |
|
|
|b spa
|a eccuu
|e rda
|
| 041 |
0 |
|
|a fre
|
| 041 |
0 |
|
|a spa
|
| 082 |
0 |
|
|a 443
|
| 110 |
1 |
|
|a Larousse
|9 22871
|
| 245 |
1 |
|
|a Dictionnaire Europa:
|b francais-espagnol = espagnol-francais /
|c Larousse
|
| 264 |
|
1 |
|a París;
|b Editorial Larousse,
|c 1959.
|
| 300 |
|
|
|a 400 páginas:
|c 11 cm
|
| 650 |
1 |
7 |
|2 eccuu
|9 8946
|a Diccionario español frances
|
| 650 |
1 |
7 |
|2 eccuu
|a Diccionario
|9 8614
|
| 942 |
|
|
|2 ddc
|c BK
|z bladimir.cabrerar@ucuenca.edu.ec
|
| 999 |
|
|
|c 155904
|d 155904
|